|
|
|
|
| LEADER |
00000nam a2200000 a 4500 |
| 001 |
vtls010321690 |
| 003 |
SK-MaSNL |
| 005 |
20260426005431.0 |
| 008 |
240314s2010 hu o g 000 0bhun |
| 015 |
|
|
|a SNBA2013/06
|
| 020 |
|
|
|a 9788089286300
|q (viaz.)
|
| 035 |
|
|
|a 84DEE387-59B8-4AEC-B991-FB1B89B6AA93
|
| 035 |
|
|
|a urn:nbn:sk:snk-amlglk
|
| 035 |
|
|
|a urn:nbn:sk:snk-am0093yk
|
| 040 |
|
|
|a SNK
|b slo
|c SNK
|e AACR2
|
| 041 |
0 |
|
|a hun
|
| 044 |
|
|
|a xo
|c SK
|
| 072 |
|
7 |
|a 32
|x Politika
|2 konspekt
|
| 072 |
|
7 |
|a 929
|x Biografie
|2 konspekt
|
| 080 |
|
|
|a 32-051
|2 2001
|
| 080 |
|
|
|a 323.28-51
|2 2001
|
| 080 |
|
|
|a 323.282
|2 2001
|
| 080 |
|
|
|a (=511.141)
|2 2001
|
| 080 |
|
|
|a 929
|2 2001
|
| 080 |
|
|
|a (437.6)
|2 2001
|
| 080 |
|
|
|a (439)
|2 2001
|
| 080 |
|
|
|a (437)
|2 2001
|
| 080 |
|
|
|a (092)
|2 2001
|
| 100 |
1 |
|
|a Molnár, Imre
|4 aut
|9 653213
|
| 245 |
1 |
0 |
|a Esterházy János élete és mártírhalála
|c Imre Molnár
|
| 250 |
|
|
|a 1. kiad.
|
| 260 |
|
|
|a [Somorja]
|b Méry Ratio Kiadó
|c 2010
|
| 300 |
|
|
|a 443 s.
|b fotogr.
|c 24 cm
|
| 504 |
|
|
|a Bibliogr. s. 431-437
|
| 600 |
1 |
7 |
|a Esterházy, János,
|d 1901-1957
|2 SNKMA
|9 125804
|
| 650 |
0 |
7 |
|a politici
|2 SNKPH
|9 2679
|
| 650 |
0 |
7 |
|a politickí väzni
|2 SNKPH
|9 4581
|
| 650 |
0 |
7 |
|a štátny teror
|2 SNKPH
|9 83431
|
| 650 |
0 |
7 |
|a Maďari
|2 SNKPH
|9 18097
|
| 650 |
0 |
7 |
|a Politicians
|2 SNKPHeng
|9 281560
|
| 650 |
0 |
7 |
|a Political prisoners
|2 SNKPHeng
|9 265801
|
| 650 |
0 |
7 |
|a Terror of state
|2 SNKPHeng
|9 277134
|
| 650 |
0 |
7 |
|a Hungarians
|2 SNKPHeng
|9 266397
|
| 651 |
|
7 |
|a Slovensko
|2 SNKPH
|9 14231
|
| 651 |
|
7 |
|a Maďarsko
|2 SNKPH
|9 16754
|
| 651 |
|
7 |
|a Československo
|2 SNKPH
|9 21376
|
| 651 |
|
7 |
|a Slovakia
|2 SNKPHeng
|9 92630
|
| 651 |
|
7 |
|a Hungary
|2 SNKPHeng
|9 265263
|
| 651 |
|
7 |
|a Czechoslovakia
|2 SNKPHeng
|9 265183
|
| 655 |
|
7 |
|a biografie
|2 SNKPH
|9 27965
|
| 655 |
|
7 |
|a Biography
|2 SNKPHeng
|9 266314
|
| 919 |
|
|
|a 978-80-89286-30-0
|
| 958 |
|
|
|a HU
|
| 958 |
|
|
|a BC
|
| 958 |
|
|
|a NB
|
| 999 |
|
|
|c 1007991
|d 1009921
|
| 952 |
|
|
|a SNK
|b SNK
|y PREZ
|7 0
|p 17A1070198
|o snkSC 154790
|i snk2013/13117
|8 0
|0 0
|1 0
|4 0
|d 2013-06-10
|f 1
|l 0
|r 2025-07-24 00:00:00
|w 2026-02-24
|
| 952 |
|
|
|a SNK
|b SNK
|y VYP
|7 0
|p 17A1070197
|o snkSC 154790 D1
|i snk2013/13118
|8 0
|0 0
|1 0
|4 0
|d 2013-06-10
|l 0
|r 2026-02-24 12:42:03
|w 2026-02-24
|